000
00321nam a2200133Ia 4500
008
230818s9999 xx 000 0 und d
041
_a
eng
100
_a
lilicrap
245
_a
food and beverage service(9th ed
260
_b
Hodder Arnold
300
_a
466p
520
_a
General
999
_c
853280
_d
853280
650
_a
Food and Beverage service